Normal view
MARC view
- Kipping , Barry.F .
Entry Personal Name
001 - CONTROL NUMBER
- control field: 1685
003 - CONTROL NUMBER IDENTIFIER
- control field: OSt
005 - DATE AND TIME OF LATEST TRANSACTION
- control field: 20161006141651.0
008 - FIXED-LENGTH DATA ELEMENTS
- fixed length control field: 161006|| aca||aabn | a|a d
040 ## - CATALOGING SOURCE
- Original cataloging agency: OSt
- Transcribing agency: OSt
100 ## - HEADING--PERSONAL NAME
- Personal name: Kipping , Barry.F .
670 ## - SOURCE DATA FOUND
- Source citation: Work cat.: (OSt)1670: Kipping, Stanley. F . 1684, Organic Chemistry / , 1961.
